000
00227 a2200097 4500
001
48754
100
_a
Glasfard
245
_a
Fundamentals of television engg
260
_a
New Delhi
_b
Tata McGraw-Hill
_c
090
_c
31655
_d
31655
942
_a
NUST-CAE
_c
M
_c
24064
999
_c
283827
_d
283827